000 00519nam a2200193Ia 4500
005 20250508151720.0
008 008 250505s9999 xx 000 0 hin d
037 _aTextual
040 _aFEDL
_beng
_cFEDL
041 _ahin
_2hin
084 _a155.4, SUR
_qFEDL
100 _aSurflit Flowrenc
_9759826
245 0 _aBachco ki dakhbhal
260 _aAllahabad, India
_bKitab Mahal
_c1955
300 _a203p.
650 _aChild Psychology
942 _cTEXL
_h155.4, SUR
999 _c1331645
_d1331645